educ@diba : un servei d'informació educativa per als municipis i els ens locals obert a tothom un servei d'informació educativa per als municipis i els ens locals obert a tothom
Descripción Física:
1 díptic ; 21 cm
Materias:
Bases de dades -- Barcelona (Província)
MARC
| LEADER | 00000nam a2200000Ia 4500 | ||
|---|---|---|---|
| 001 | 24319 | ||
| 008 | 160829s9999 xx 000 0 cat d | ||
| 080 | |a FU-64-134 | ||
| 245 | |a educ@diba : |b un servei d'informació educativa per als municipis i els ens locals obert a tothom | ||
| 260 | |a Barcelona : |b Diputació de Barcelona. Àrea d'Educació, DL 2003 | ||
| 300 | |a 1 díptic ; |c 21 cm | ||
| 590 | |a Fullet informatiu de la Base de dades de l'Àrea d'Educació de la Diputació | ||
| 650 | |a Bases de dades |x Barcelona (Província) |9 50533 | ||
| 710 | |a Barcelona (Catalunya : Província). |b Àrea d'Educació |9 8009 | ||
| 901 | |a Arxiu | ||
| 942 | |n 1 | ||
| 952 | |0 0 |1 0 |4 0 |6 FU64134 |7 1 |9 55224 |a Arxiu |b Arxiu |d 2016-12-01 |l 0 |o FU-64-134 |p 24319 |r 2016-12-01 00:00:00 |w 2016-12-01 |y ARXIU | ||
| 999 | |c 59096 |d 59096 | ||